Quiz de Múltipla Escolha de Cidades - Nova York - Statistics

Estatísticas Gerais
  • Esse quiz foi jogado 233 vezes
  • A pontuação média é 4 de 10
Estatísticas das Respostas
Questão Resposta % Correto
Onde você encontraria a Bolsa de Valores de Nova York? Wall Street
71%
Qual arranha-céu de Nova York foi o edifício mais alto do mundo de 1931 a 1970? Empire State Building
69%
Qual destes NÃO é um time esportivo profissional na área de Nova York? Vets
55%
Qual desses super-heróis é da cidade de Nova York? Doutor Estranho
48%
Qual dessas ilhas NÃO faz parte da cidade de Nova York? Nantucket
47%
Qual museu está localizado no Theodore Roosevelt Park? Museu Americano de História Natural
44%
Qual dessas organizações está sediada na cidade de Nova York? Nações Unidas
42%
Quem fundou o assentamento que mais tarde se tornou a cidade de Nova York? Holandeses
26%
Qual destes NÃO é um bairro em Manhattan? Cobblestone District
24%
Quantos "boroughs" (distritos) compõem a cidade de Nova York? 5
21%
Nenhum quiz correspondente encontrado
Distribuição das Pontuações
Porcentagem de Pessoas com Cada Pontuação
Percentil de Números Respondidos
Sua Pontuação Histórica
Você não jogou esse quiz